Luật thi hành án Lưu hành nội bộ
Trình bày những kiến thức về thi hành án hình sự và thi hành án dân sự.
Đã lưu trong:
| Tác giả chính: | |
|---|---|
| Định dạng: | Sách |
| Năm xuất bản: |
Quảng Bình
Trường Đại học Quảng Bình
2020
|
| Series: | Dành cho sinh viên chuyên ngành Luật
|
| Chủ đề: | |
| Tags: |
Thêm thẻ
Không có thẻ, Hãy là người đầu tiên gắn thẻ bản ghi này!
|
| LEADER | 00743nam a2200157 4500 | ||
|---|---|---|---|
| 999 | |c 16449 |d 16449 | ||
| 082 | |a 347.597077 |b PH105TH | ||
| 100 | |a Phan Thị Thu Hiền | ||
| 245 | |a Luật thi hành án |b Lưu hành nội bộ |c Phan Thị Thu Hiền | ||
| 260 | |a Quảng Bình |b Trường Đại học Quảng Bình |c 2020 | ||
| 300 | |a 150tr. |c 28cm | ||
| 490 | |a Dành cho sinh viên chuyên ngành Luật | ||
| 520 | |a Trình bày những kiến thức về thi hành án hình sự và thi hành án dân sự. | ||
| 653 | |a Pháp luật |a Việt Nam |a Thi hành án |a Bài giảng | ||
| 942 | |2 ddc |c TC | ||
| 952 | |0 0 |1 0 |2 ddc |4 0 |6 347_597077000000000_PH105TH |7 0 |8 300 |9 119291 |a qbu |b qbu |c D1 |d 2021-10-27 |g 80000 |o 347.597077 PH105TH |p BG648.C1 |r 2021-10-27 |w 2021-10-27 |y TC | ||